000 00760nam a2200217 i 4500
001 bg
100 1 _aFIJAŁKOWSKI, Janusz
245 0 _aSystemy magazynowe jako elementy logistyki przemysłowej. Kryteria i czynniki centralizacji oraz koncentacji zapasów w kombinatach przemysłowychZesz.29 /
_cJanusz Fijałkowski ; [oraz] : Kubis Tadeusz, Weselik Andrzej.
260 _aPoznań :
_bCentr. Ośr. Gospod. Magaz.,
_c1976.
300 _a68 s. :
_brys.
490 1 _aStudia i Materiały ;
_vZesz. 29
504 _a[Zawiera bibliogr.].
700 1 _aKUBIS, Tadeusz.
700 1 _aWESELIK, Andrzej.
830 _aStudia i Materiały ;
040 _cBPK
041 _apol
080 _a658.78
942 _cKS
008 s pl f |000 0 pol
999 _c17304
_d17304
856 _uhttp://koha.tu.koszalin.pl/cgi-bin/koha/opac-detail.pl?biblionumber=17304
_yKatalog online BPK